000 00360nam a22001457a 4500
999 _c7696
_d7696
003 GBCCL
005 20241126110634.0
008 180911b ||||| |||| 00| 0 eng d
040 _cgbc
082 _aSOU TOU
_b2017
245 _aToupa lamtouh saptuam:
_b25 years EBCC Delhi 1992-2017
260 _c2017.
_aDelhi:
_bEBCC,
300 _a275p. ;
942 _2ddc
_cARCH